Scenario-based strategic planning developing strategies in an uncertain world
Salvato in:
| Altri autori: | , |
|---|---|
| Natura: | Libro |
| Lingua: | inglese |
| Pubblicazione: |
[Berlin]
Springer Gabler
2013
|
| Serie: | Roland Berger School of Strategy and Economics
|
| Soggetti: | |
| Tags: |
Nessun Tag, puoi essere il primo ad aggiungerne!!
|
MARC
| LEADER | 00000nam a2200000 4500 | ||
|---|---|---|---|
| 001 | 0236488 | ||
| 005 | 20240315123214.2 | ||
| 020 | |a 978-3-658-04214-1 | ||
| 041 | 0 | |a eng | |
| 044 | |a DE | ||
| 245 | 1 | 0 | |a Scenario-based strategic planning |b developing strategies in an uncertain world |c editors: Burkhard Schwenker, Torsten Wulf |
| 264 | 1 | |a [Berlin] |b Springer Gabler |c 2013 | |
| 300 | |a 229 s. | ||
| 490 | 1 | |a Roland Berger School of Strategy and Economics | |
| 830 | 0 | |a Roland Berger School of Strategy and Economics | |
| 610 | 2 | 0 | |a plánovanie strategické |
| 610 | 2 | 0 | |a plán strategický |
| 610 | 2 | 0 | |a manažment strategický |
| 700 | 1 | |a Schwenker, Burkhard | |
| 700 | 1 | |a Wulf, Torsten | |